000 01016nam a22002657a 4500
999 _c166324
_d166324
003 dpl
005 20190719151047.0
008 190715b ||||| |||| 00| 0 eng d
010 _a955275
020 _c25.00
035 _a955275
037 _bBPPD/PUB
040 _aDPL
_bHN
_c0
082 _a821.08
_bविश्वम्भर
100 _aविश्वम्भर
_944896
245 _aहिन्दी साहित्य का सर्वेक्षण
_cमानव विश्वम्भर
_hHN
246 _aHINDI SAHITYA KA SARVESHAN
_bVISHVMBHAR MANAV
260 _aइलाहाबाद
_bलोक भारती प्रकाशन
_c1976
270 _bइलाहाबाद
_a15-ए; महात्मा गाँधी मार्ग इलाहाबाद-1
300 _a391 पृ
_c20सेमी (सजिल्द)
650 _91191
650 _978586
650 _978587
942 _2ddc
_cHN
_h821.08
_mविश्वम्भर